Romans dans le top 50 articles Wikipédia - Statistiques

Statistiques générales
  • Ce quiz a été pris 62 fois
  • Le résultat moyen est 7 sur 14
Statistiques - réponses
Meilleure place Auteur.ice Titre % Correct
8 (08/2016) J. K. Rowling Harry Potter
98%
10 (04/2023) Alexandre Dumas Les Trois Mousquetaires
86%
12 (12/2016) Agatha Christie Ils étaient dix
82%
9 (07/2024) Alexandre Dumas Le Comte de Monte-Cristo
70%
43 (05/2019) George R. R. Martin Le Trône de Fer
63%
30 (04/2019) Victor Hugo Notre-Dame de Paris
63%
32 (09/2017) Stephen King Ça
57%
32 (02/2026) Emily Brontë Les Hauts de Hurlevent
57%
6 (03/2024) Frank Herbert Dune
46%
4 (11/2018) Joël Dicker La Vérité sur l'affaire Harry Quebert
30%
9 (08/2022) Salman Rushdie Les Versets sataniques
29%
39 (12/2019) Andrzej Sapkowski Le Sorceleur
20%
24 (03/2024) Liu Cixin Le Problème à trois corps
14%
33 (10/2015) Harlan Coben Une chance de trop
0%
Aucun quiz correspondant
Distribution des résultats
% des personnes avec chaque résultat
Percentile par nombre de réponses
Votre historique - résultats
Vous n’avez pas pris ce quiz